00577nam a2200157Ia 4500001009100000008003700091010001100128090001700139100004200156245006900198260002700267300001000294500007200304650002400376999001900400IA_3972,06/09/2007,06/09/2007,0000001988 mx a 0000000000spa00,"220117s xx 000 0 und d a183350 aFOLLETO 2513 aNacional Financiera. México9155593 aLa contabilidad en la empresa /c Nacional Financiera. México aMéxico :bPromicro, a66 p. aC/e (Colección de temas de administración para microindustrias) aContabilidad927421 c183350d183350